| 000 | 00871cam a2200289 4500 | ||
|---|---|---|---|
| 001 | 9998 | ||
| 003 | BD-RjUL | ||
| 005 | 20211208234857.0 | ||
| 008 | 140122s1972 caua b 000 0 eng | ||
| 020 | _a0063827913 | ||
| 035 | _a(BD-RjUL)10045 | ||
| 040 |
_aDLC _cDLC _dDLC _dBD-RjUL _beng |
||
| 041 | _aeng | ||
| 082 | 0 | 0 |
_a628.508 _bOUR |
| 100 | 1 |
_aGiddings, J. Calvin _q(John Calvin), _d1930- _930872 |
|
| 245 | 1 | 0 |
_aOur chemical environment, _cedited by J. Calvin Giddings [and] Manus B. Monroe. |
| 260 |
_aSan Francisco : _bCanfield Press ; _cC1972. |
||
| 300 |
_axiii, 367 p. : _billus. ; _c26 cm. |
||
| 350 | _a$4.95 | ||
| 504 | _aIncludes bibliographical references. | ||
| 650 | 0 |
_aPollution. _910985 |
|
| 650 | 0 |
_aHuman ecology. _930873 |
|
| 700 | 1 |
_aMonroe, Manus B., _ejoint comp. _930874 |
|
| 942 |
_2ddc _cBK |
||
| 999 |
_c9998 _d9998 |
||